Statistics for F Footballers

Click here to take the quiz!

General Stats

  • This quiz has been taken 19 times
  • The average score is 7 of 20

Answer Stats

HintAnswer% Correct
Polish and Arsenal keeperFabianski
56%
Won Europa League in 2010 against FulhamForlan
56%
Belgian afroFellaini
56%
Southamptons England keeperForster
56%
His team mateFernandinho
50%
Won Premier League with Man CityFernando
44%
Won 6 Premier league titlesFerdinand
44%
Won 2 Euros and a World Cup with SpainFabregas
38%
South African won PL with Man UtdFortune
31%
Evertons second highest goalscorer in PLFerguson
31%
Top goalscorer in a single World CupFontaine
25%
Won 78 caps for ScotlandFletcher
25%
Blackburns keeper when they won Premier LeagueFlowers
25%
Ex Finnish Chelsea forwardForssell
25%
UKs first £1m transferFrancis
19%
Full back won 3 Premier Leagues with ChelseaFerreira
19%
Ex Wimbledon and England forwardFashanu
19%
Uruguays greatest playerFrancescoli
13%
Won Euros with PortugalFonte
13%
Holds record for most consecutive appearances in PLFriedel
13%

Score Distribution

Percentile by Number Answered

Percent of People with Each Score

Your Score History

You have not taken this quiz